Mediación intercultural: una propuesta para la formación
Guardat en:
| Autors principals: | , , , , , , , |
|---|---|
| Format: | Llibre |
| Idioma: | espanyol |
| Publicat: |
Madrid
Popular
2002
|
| Edició: | 1a. ed |
| Col·lecció: | Promoción Cultural
|
| Matèries: | |
| Etiquetes: |
Afegir etiqueta
Sense etiquetes, Sigues el primer a etiquetar aquest registre!
|
MARC
| LEADER | 00000nam a2200000 a 4500 | ||
|---|---|---|---|
| 001 | UCK7308 | ||
| 003 | CL-VaPUC | ||
| 008 | 051118e20020000SP |||||||||||||||||spa|d | ||
| 020 | |a 8478842497 | ||
| 082 | 0 | 4 | |a 303.69 |b BER |2 21 |
| 100 | 0 | |a Bermúdez Anderson, Kira |e author |9 496814 | |
| 700 | 0 | |a García de Castro Martín-Prat, Reyes |e author |9 496815 | |
| 700 | 0 | |a García González-Gordon, Humberto |e author |9 496816 | |
| 700 | 0 | |a Lahib, Abdessamad |e author |9 496817 | |
| 700 | 0 | |a Pomares Fuertes, Francisco |e author |9 496818 | |
| 700 | 0 | |a Prats San Román, Genisa |e author |9 496819 | |
| 700 | 0 | |a Sánchez Miranda, Juan |e author |9 496820 | |
| 700 | 0 | |a Uribe Pinillos, Elizabeth |e author |9 496821 | |
| 245 | 1 | 0 | |a Mediación intercultural: una propuesta para la formación |
| 250 | |a 1a. ed | ||
| 300 | |a 239 p | ||
| 942 | |c BK | ||
| 945 | |d 20051118 00:00:00 |a cmena | ||
| 260 | |a Madrid |b Popular |c 2002 | ||
| 650 | 0 | |a Mediación |9 338396 | |
| 650 | 0 | |a Inmigración |9 268290 | |
| 650 | 0 | |a Identidad cultural |9 319131 | |
| 650 | 0 | |a Métodos de enseñanza |9 270413 | |
| 650 | 0 | |a Resolución de conflictos |9 434922 | |
| 650 | 0 | |a Negociación |9 307187 | |
| 583 | |a last modification |c 20051118 00:00:00 |k Rodrigo Vera | ||
| 490 | 0 | |a Promoción Cultural | |
| 999 | |c 315307 |d 315305 | ||
| 952 | |0 0 |1 0 |4 0 |6 303_690000000000000_BER_2002 |7 0 |8 A |9 388402 |a BIBDER |b BIBDER |d 2019-11-22 |i 4175662 |o 303.69 BER 2002 |p 4175662 |r 2023-01-25 |w 2019-11-22 |y BK |k DER | ||